Sports Quiz

Random Sports or NFL Quiz

#11 Athletes Quiz Stats

 Plays Quiz Updated Apr 2, 2019

Score 0/12 Timer 03:00
0 Plays Today
Athlete % Correct
Yao Ming
96.2%
Isiah Thomas
86.6%
Larry Fitzgerald
84.7%
Drew Bledsoe
71.1%
Phil Simms
62.5%
Jimmy Rollins
52.7%
Mark Messier
51.7%
Barry Larkin
48.3%
Edgar Martinez
41.6%
Elvin Hayes
32.7%
Bob McAdoo
31.9%
Gilbert Perreault
8.2%

You're not logged in!

Compare scores with friends on all Sporcle quizzes.
OR
Log In

Show Comments

Extras

Top Quizzes Today


Score Distribution

Your Account Isn't Verified!

In order to create a playlist on Sporcle, you need to verify the email address you used during registration. Go to your Sporcle Settings to finish the process.

Report this User

Report this user for behavior that violates our Community Guidelines.

Details: